| 000 | 00451cam a22001217a 4500 | ||
|---|---|---|---|
| 008 | 180718b1985 xxu||||| |||| 00| 0 eng d | ||
| 082 | _aA81x54 In2/81/6/Pap1/1984 | ||
| 100 | _aCensus of India 1981 | ||
| 245 | _aHaryana: household population by religion of head of household (upto tehsil and town level) | ||
| 260 |
_aDelhi _bThe Controller of Publications _c1985 |
||
| 300 | _a57+p. | ||
| 440 | _aCensus of India 1981. Series-6, Haryana. Paper 1 of 1984 | ||
| 999 |
_c482659 _d482659 |
||